000 00990nam a22002897a 4500
001 7847
003 FISKH
005 20250812091032.0
008 250812b cb ||||| |||| 00| 0 eng d
020 _a9780439368988
040 _aFISKH
_beng
_cFISKH
_dFISKH
050 _aPZ7.H4317 O
082 _a813
100 _aHermes, Patricia
_d(1936–2018)
245 _aOur strange new land :
_bElizabeth's Jametown Colony diary /
_cBook One ; By Patricia Hermes
250 _aThis edition first published in 2002
260 _aNew York :
_bScholastic,
_c2000
300 _a109 pages :
_c20 cm
505 _aJ
520 _aNine-year-old Elizabeth keeps a journal of her experiences in the New World as she encounters Indians, suffers hunger and the death of friends, and helps her father build their first home.
521 8 _a460
_bLexie
521 8 _aJ
_bRaz-Plus
650 _2My America
_aColonial
650 _2Virginia
_aJamestown
942 _2ddc
_cBK
_n0
999 _c7847
_d7847